| 000 | 00329nam a2200097Ia 4500 | ||
|---|---|---|---|
| 082 | _a371.8234209581 MORT | ||
| 245 | 0 | _aStones into schools : promoting peace with books, not bombs, in Afghanistan and Pakistan | |
| 100 |
_a Mortenson, Greg, London, 2009 _983586 |
||
| 942 | _cBK | ||
| 008 | 210817s9999 xx 000 0 und d | ||
| 999 |
_c305027 _d305027 |
||